Sapo y Sepo son amigos / (Registro nro. 11899)

Detalles MARC
000 -LIDER
fixed length control field 01017nam a22003017a 4500
001 - NÚMERO DE CONTROL
Identificador de número de control 000681
003 - IDENTIFICACDOR DE NÚMERO DE CONTROL
control field DO-SdBNP
005 - DATE AND TIME OF LATEST TRANSACTION
control field 20180216102715.0
007 - CAMPOS FIJOS DE DESCRIPCIÓN FÍSICA
fixed length control field 000681
008 - ELEMENTOS DE LONGITUD FIJA
fixed length control field 161110b 2002 mx a ||||| |||| 00| 0 spa d
020 ## - ISBN
International Standard Book Number 9681907140
040 ## - FUENTE DE CATALOGACIÓN
Agencia que crea de manera original el registro BPMSU
Idioma de catalogación spa
Agencia que realiza la transcripción BPMSU
082 ## - NÚMERO DE CLASIFICACIÓN DECIMAL DE DEWEY
Classification number xxxx
Item number xxxx
100 1# - ASIENTO PRINCIPAL -- NOMBRE PERSONAL
Nombre personal Lobel, Arnold,
Fechas asociadas con el nombre 1933-1987.
240 1# - TITULO UNIFORME
Título uniforme Frog and Toad are friends.
Idioma de una obra Español
245 10 - MENCIÓN DE TITULO
Título Sapo y Sepo son amigos /
Mención de responsabilidad Arnold Lobel ; traducción de Pablo Lizcano.
260 ## - PUBLICACIÓN, DISTRIBUCIÓN, ETC. (PIE DE IMPRENTA)
Lugar de publicación, distribución, etc México :
Nombre del editor, distribuidor, etc. Alfaguara,
Fecha de publicación, distribución, etc 2002.
300 ## - DESCRIPCIÓN FÍSICA
Extensión 66 p. :
Otros detalles físicos il. ;
Dimensiones 19 cm.
490 1# - MENCIÓN DE SERIES
Mención de serie Infantil Alfaguara
500 ## - NOTA GENERAL
Nota general Para niños a partir de los 6 años.
500 ## - NOTA GENERAL
Nota general Incluye datos biográficos de la autora en la solapa de la contracubierta
505 0# - NOTA DE CONTENIDO
Título Primavera --
-- El cuento --
-- Un botón perdido --
-- Un baño --
-- La carta.
700 12 - ASIENTO SECUNDARIO -- NOMBRE PERSONAL
Nombre personal Lizcano, Pablo,
Mención de responsabilidad tr.
830 #0 - ASIENTO SECUNDARIO DE SERIE--TÍTULO UNIFORME
Título uniforme Infantil Alfaguara
942 ## - ADDED ENTRY ELEMENTS (KOHA)
Source of classification or shelving scheme Dewey Decimal Classification
Koha item type Libros
945 ## - INFORMACIÓN DE PROCESAMIENTO LOCAL
Información de procesamiento local Inventariado, 2018 / BT
956 ## - LOCAL ELECTRONIC LOCATION AND ACCESS (OCLC)
Método de acceso LOPEREZ
Materiales especificados 10
Enlace 20161110
Campo enlazado y núm. de secuencia BPMSU
Nombre de host 00041
Existencias
Withdrawn status Lost status Source of classification or shelving scheme Damaged status Not for loan Collection code Home library Current library Date acquired Source of acquisition Total Checkouts Full call number Barcode Date last seen Price effective from Koha item type Copy number
    Dewey Decimal Classification     Colección Infantil General Biblioteca Pública Metropolitana Salomé Ureña Biblioteca Pública Metropolitana Salomé Ureña 11/10/2016 FUNDI   xxxx xxxx BPMSU16111180 11/10/2016 11/10/2016 Libros  
    Dewey Decimal Classification     Colección Infantil General Biblioteca Pública Metropolitana Salomé Ureña Biblioteca Pública Metropolitana Salomé Ureña 11/10/2016 ALFAGUARA   xxxx xxxx BPMSU16111185 11/10/2016 11/10/2016 Libros e. 2